[Event "ROM-ch"]
[Site "Eforie Nord"]
[Date "2024.02.28"]
[Round "6"]
[White "Prelipcean, Eric Matei"]
[Black "Cosma, Ioan"]
[Result "0-1"]
[WhiteElo "2103"]
[BlackElo "2316"]
[PlyCount "76"]
[EventDate "2024.02.24"]
[EventType "swiss"]
[EventRounds "9"]
[EventCountry "ROU"]
[SourceTitle "CB10_2024"]
[SourceDate "2024.03.06"]
[SourceVersion "1"]
[SourceVersionDate "2024.03.06"]
[SourceQuality "1"]

1. d4 Nf6 2. Nf3 d5 3. Bg5 Ne4 4. Bf4 c5 5. e3 Nc6 6. c3 Qb6 7. Qc1 Bf5 8. Nbd2 Rc8 9. Be2 g6 10. Ne5 cxd4 11. Nxe4 Bxe4 12. f3 dxc3 13. Qxc3 Bg7 14. fxe4 0-0 15. exd5 Nxe5 16. Qb3 Nd7 17. 0-0 Bxb2 18. Qxb6 Nxb6 19. Rab1 Ba3 20. Rb3 Bd6 21. Bh6 Rfd8 22. e4 Rc2 23. Bg4 Nc4 24. Bd1 Rxa2 25. Rc3 b5 26. Bb3 Ra3 27. Bc1 Ra1 28. Bxc4 bxc4 29. Rxc4 f6 30. g3 Rb8 31. Be3 Ra3 32. Bd4 a5 33. g4 g5 34. Bc5 Bxc5+ 35. Rxc5 Re3 36. d6 exd6 37. Rxa5 Kg7 38. Ra4 Re8 0-1

[Event "ROM-chT Rapid"]
[Site "Sebes"]
[Date "2023.12.02"]
[Round "1.23"]
[White "Gombos, Ioan Mihai"]
[Black "Prelipcean, Eric Matei"]
[Result "0-1"]
[WhiteElo "1079"]
[BlackElo "2089"]
[PlyCount "146"]
[EventDate "2023.12.02"]
[EventType "team-swiss (rapid)"]
[EventRounds "8"]
[EventCountry "ROU"]
[SourceTitle "CB49_2023"]
[SourceDate "2023.12.06"]
[SourceVersion "1"]
[SourceVersionDate "2023.12.06"]
[SourceQuality "1"]
[WhiteTeam "Alba Iulia Unirea III"]
[BlackTeam "Bucharest CSU"]
[WhiteTeamCountry "ROU"]
[BlackTeamCountry "ROU"]

1. e4 c5 2. Nc3 a6 3. Nf3 d6 4. d3 g6 5. g3 Bg7 6. Bg2 e6 7. d4 cxd4 8. Nxd4 Ne7 9. Be3 Nbc6 10. Nf3 0-0 11. 0-0 Qc7 12. Qd2 b5 13. Rab1 Rd8 14. Bh6 Bh8 15. Rfd1 Bb7 16. Bh3 b4 17. Ne2 d5 18. exd5 Nxd5 19. Qe1 Ne5 20. Nxe5 Qxe5 21. Bf4 Nxf4 22. Nxf4 Qxe1+ 23. Rxe1 Rd2 24. Re2 Rxe2 25. Nxe2 Rc8 26. c3 Bf3 27. Nd4 Bxd4 28. cxd4 Rc2 29. Bg2 Bxg2 30. Kxg2 Rd2 31. Kf3 Rxd4 32. b3 Rd2 33. Ra1 Rb2 34. Ke3 a5 35. h4 Kf8 36. g4 h6 37. Kf3 Ke7 38. Ke3 e5 39. f4 f6 40. Kf3 Rc2 41. f5 gxf5 42. gxf5 Rh2 43. Kg3 Rd2 44. h5 Kd7 45. a3 Rd3+ 46. Kg4 Rxb3 47. axb4 Rxb4+ 48. Kf3 Rf4+ 49. Kg3 Rxf5 50. Rxa5 Rxh5 51. Ra7+ Ke6 52. Ra6+ Kf5 53. Ra4 Rg5+ 54. Kf3 h5 55. Rh4 Kg6 56. Ra4 Rg4 57. Ra3 Kf5 58. Kf2 h4 59. Rb3 e4 60. Rb5+ Kf4 61. Rb4 f5 62. Rb3 Rg3 63. Rb2 h3 64. Kf1 e3 65. Rh2 Kf3 66. Rf2+ Kg4 67. Rh2 Rf3+ 68. Kg1 Rf2 69. Rxf2 exf2+ 70. Kh2 Kf3 71. Kxh3 f1Q+ 72. Kh4 Qg2 73. Kh5 Qg7 0-1

[Event "Sebes GP op"]
[Site "Sebes"]
[Date "2023.11.05"]
[Round "10"]
[White "David, Alexandru Vasile"]
[Black "Prelipcean, Eric Matei"]
[Result "1-0"]
[WhiteElo "2372"]
[BlackElo "2089"]
[PlyCount "57"]
[EventDate "2023.11.04"]
[EventType "swiss"]
[EventRounds "10"]
[EventCountry "ROU"]
[SourceTitle "CB46_2023"]
[SourceDate "2023.11.15"]
[SourceVersion "1"]
[SourceVersionDate "2023.11.15"]
[SourceQuality "1"]

1. d4 Nf6 2. c4 g6 3. Nc3 d5 4. cxd5 Nxd5 5. e4 Nxc3 6. bxc3 Bg7 7. Nf3 c5 8. Bb5+ Nc6 9. d5 Qa5 10. Rb1 a6 11. Ba4 b5 12. dxc6 Bxc3+ 13. Bd2 Bxd2+ 14. Qxd2 Qxa4 15. 0-0 Qxe4 16. Qc3 0-0 17. Qxc5 Bh3 18. Rb4 Qf5 19. Qe3 a5 20. Rf4 Qd5 21. gxh3 Qxa2 22. Qxe7 Qe6 23. Qc5 b4 24. Ng5 Qe2 25. Ne4 b3 26. Qe5 Rae8 27. Nf6+ Kh8 28. Qc3 Re5 29. Nd7 1-0

[Event "Sebes GP op"]
[Site "Sebes"]
[Date "2023.11.04"]
[Round "2"]
[White "Chigaev, Maksim"]
[Black "Prelipcean, Eric Matei"]
[Result "1-0"]
[WhiteElo "2626"]
[BlackElo "2089"]
[PlyCount "45"]
[EventDate "2023.11.04"]
[EventType "swiss"]
[EventRounds "10"]
[EventCountry "ROU"]
[SourceTitle "CB46_2023"]
[SourceDate "2023.11.15"]
[SourceVersion "1"]
[SourceVersionDate "2023.11.15"]
[SourceQuality "1"]

1. e4 c5 2. Ne2 d6 3. g3 g6 4. Bg2 Bg7 5. c3 Nc6 6. d4 cxd4 7. cxd4 Qb6 8. Nbc3 Nxd4 9. Nd5 Qc5 10. Nxd4 Bxd4 11. 0-0 Nf6 12. Nc7+ Kd8 13. Nxa8 Ng4 14. Qe2 Be6 15. Bf4 Qc8 16. h3 Ne5 17. Rfd1 Nc6 18. Rac1 Qxa8 19. Rxc6 bxc6 20. Rxd4 Bxa2 21. b3 Bxb3 22. Qb2 Qb7 23. Rd3 1-0

[Event "ROM-chT Rapid"]
[Site "Sebes"]
[Date "2022.12.03"]
[Round "2.16"]
[White "Prelipcean, Eric Matei"]
[Black "Nastore, Pavel Alexandru"]
[Result "1/2-1/2"]
[WhiteElo "1909"]
[BlackElo "2218"]
[PlyCount "110"]
[EventDate "2022.12.03"]
[EventType "team-swiss (rapid)"]
[EventRounds "8"]
[EventCountry "ROU"]
[SourceTitle "CBM 211 Extra"]
[Source "ChessBase"]
[SourceDate "2023.01.31"]
[SourceVersion "1"]
[SourceVersionDate "2023.01.31"]
[SourceQuality "1"]
[WhiteTeam "Bucharest CSU II"]
[BlackTeam "Timisoara Vest Univ"]
[WhiteTeamCountry "ROU"]
[BlackTeamCountry "ROU"]

1. d4 Nf6 2. c4 c5 3. d5 e6 4. Nc3 exd5 5. cxd5 d6 6. e4 g6 7. Nf3 a6 8. a4 Bg4 9. h3 Bxf3 10. Qxf3 Bg7 11. Bd3 0-0 12. 0-0 Nbd7 13. Bf4 Ne8 14. Qe2 Rc8 15. Bg3 Qa5 16. Rfc1 Ne5 17. Bxe5 Bxe5 18. Nd1 Bg7 19. Ne3 Nf6 20. Nc4 Qd8 21. a5 Re8 22. Qc2 Qe7 23. Re1 Nh5 24. g3 Bd4 25. Kh2 Qf6 26. Rf1 Ng7 27. f4 Qe7 28. Rae1 Rcd8 29. Qb3 Qc7 30. Re2 Kh8 31. Rfe1 f6 32. Qb6 Qxb6 33. Nxb6 Kg8 34. Kg2 g5 35. Kf3 Kf7 36. Nc4 h5 37. fxg5 fxg5 38. e5 Bxe5 39. Nxe5+ Rxe5 40. Rxe5 dxe5 41. Rxe5 Kf6 42. Ke4 Re8 43. Rxe8 Nxe8 44. Be2 Nd6+ 45. Kd3 Ke5 46. Bxh5 Kxd5 47. Bf3+ Ke5 48. h4 gxh4 49. gxh4 Kf4 50. Be2 Kf5 51. h5 Kg5 52. Bf3 Kf5 53. b3 Kg5 54. Ke3 Kf5 55. Kd3 Ke5 1/2-1/2

[Event "Targu Mures op-A"]
[Site "Targu Mures"]
[Date "2022.06.11"]
[Round "9"]
[White "Ciolacu, Alessia Mihaela"]
[Black "Prelipcean, Eric Matei"]
[Result "1-0"]
[WhiteElo "2199"]
[BlackElo "1883"]
[PlyCount "57"]
[EventDate "2022.06.04"]
[EventType "swiss"]
[EventRounds "9"]
[EventCountry "ROU"]
[SourceTitle "CBM 208 Extra"]
[Source "ChessBase"]
[SourceDate "2022.07.31"]
[SourceVersion "1"]
[SourceVersionDate "2022.07.31"]
[SourceQuality "1"]

1. d4 Nf6 2. c4 g6 3. Nc3 d5 4. cxd5 Nxd5 5. e4 Nxc3 6. bxc3 Bg7 7. Nf3 c5 8. h3 Nc6 9. Be3 0-0 10. Be2 cxd4 11. cxd4 Qa5+ 12. Bd2 Qa3 13. d5 Ne5 14. 0-0 f5 15. Rb1 Nxf3+ 16. Bxf3 fxe4 17. Bxe4 Bf5 18. Bxf5 Rxf5 19. Rxb7 Qxa2 20. Rxe7 Rxd5 21. Qf3 Rf8 22. Rxg7+ Kxg7 23. Bh6+ Kxh6 24. Qxf8+ Kg5 25. f4+ Kh5 26. Rf3 Rd1+ 27. Kh2 Rd7 28. Rg3 Rd5 29. Qf7 1-0

[Event "Targu Mures op-A"]
[Site "Targu Mures"]
[Date "2022.06.09"]
[Round "7"]
[White "Yordanov, Lachezar"]
[Black "Prelipcean, Eric Matei"]
[Result "1-0"]
[WhiteElo "2306"]
[BlackElo "1883"]
[PlyCount "65"]
[EventDate "2022.06.04"]
[EventType "swiss"]
[EventRounds "9"]
[EventCountry "ROU"]
[SourceTitle "CBM 208 Extra"]
[Source "ChessBase"]
[SourceDate "2022.07.31"]
[SourceVersion "1"]
[SourceVersionDate "2022.07.31"]
[SourceQuality "1"]

1. d4 Nf6 2. c4 g6 3. Nc3 d5 4. cxd5 Nxd5 5. e4 Nxc3 6. bxc3 Bg7 7. Nf3 c5 8. Bb5+ Nc6 9. Rb1 0-0 10. d5 Ne5 11. Nxe5 Bxe5 12. 0-0 a6 13. Be2 f5 14. exf5 Bxf5 15. Rxb7 Qd6 16. h3 Bxc3 17. Bg5 Bf6 18. Bxf6 Rxf6 19. Bc4 Raf8 20. Qe2 R8f7 21. a4 e6 22. dxe6 Bxe6 23. Rxf7 Bxf7 24. Rd1 Qb6 25. Qe7 Kg7 26. Rd8 Qxd8 27. Qxd8 Bxc4 28. Qc7+ Bf7 29. Qe5 h6 30. f4 c4 31. g4 g5 32. fxg5 hxg5 33. h4 1-0

[Event "Targu Mures op-A"]
[Site "Targu Mures"]
[Date "2022.06.04"]
[Round "1"]
[White "Soltanici, Ruslan"]
[Black "Prelipcean, Eric Matei"]
[Result "1-0"]
[WhiteElo "2381"]
[BlackElo "1883"]
[PlyCount "64"]
[EventDate "2022.06.04"]
[EventType "swiss"]
[EventRounds "9"]
[EventCountry "ROU"]
[SourceTitle "CBM 208 Extra"]
[Source "ChessBase"]
[SourceDate "2022.07.31"]
[SourceVersion "1"]
[SourceVersionDate "2022.07.31"]
[SourceQuality "1"]

1. e4 c5 2. Nf3 d6 3. d4 cxd4 4. Nxd4 Nf6 5. Nc3 a6 6. h3 e5 7. Nde2 Be7 8. g4 b5 9. a3 Bb7 10. Bg2 Nbd7 11. Ng3 Nb6 12. g5 Ng8 13. h4 Qc7 14. a4 b4 15. Nd5 Bxd5 16. exd5 a5 17. Qd3 Qc4 18. Qxc4 Nxc4 19. b3 Nb6 20. Be3 Rb8 21. f4 Nd7 22. 0-0-0 Bf8 23. Rhe1 Ne7 24. Bh3 f6 25. Nh5 Ng8 26. fxe5 fxe5 27. Nf4 Ne7 28. Ne6 g6 29. Rf1 Rg8 30. Nc7+ Kd8 31. Nb5 Nb6 32. Be6 Rg7 1-0

[Event "ROM-ch blitz"]
[Site "Bucharest"]
[Date "2022.03.13"]
[Round "3"]
[White "Stanca, Adrian"]
[Black "Prelipcean, Eric Matei"]
[Result "0-1"]
[WhiteElo "2199"]
[BlackElo "1612"]
[PlyCount "61"]
[EventDate "2022.03.13"]
[EventType "swiss (blitz)"]
[EventRounds "9"]
[EventCountry "ROU"]
[SourceTitle "EXT 2023"]
[Source "ChessBase"]
[SourceDate "2022.10.05"]
[SourceVersion "1"]
[SourceVersionDate "2022.10.05"]
[SourceQuality "1"]

1. Nf3 Nf6 2. g3 g6 3. Bg2 Bg7 4. 0-0 0-0 5. d3 d5 6. Nbd2 c5 7. e4 b6 8. Re1 dxe4 9. dxe4 Bb7 10. Qe2 e6 11. Nh4 e5 12. Nf1 Nc6 13. c3 Qe7 14. Bg5 h6 15. Bxf6 Bxf6 16. Nf3 Qc7 17. Ne3 Ne7 18. Nd2 Rad8 19. Rad1 Bg7 20. c4 Qd7 21. Nb1 Qe6 22. Nc3 Nc6 23. Ncd5 Nd4 24. Qd2 Kh8 25. Nc2 Qg4 26. Nxd4 cxd4 27. h3 Qd7 28. b4 Bxd5 29. cxd5 f5 30. Rc1 Rc8 31. exf5 0-1

[Event "ROM-ch Rapid"]
[Site "Bucharest"]
[Date "2022.03.12"]
[Round "7"]
[White "Cnejev, Vladimir Alexandru"]
[Black "Prelipcean, Eric Matei"]
[Result "1-0"]
[WhiteElo "2179"]
[BlackElo "1935"]
[PlyCount "141"]
[EventDate "2022.03.11"]
[EventType "swiss (rapid)"]
[EventRounds "9"]
[EventCountry "ROU"]
[SourceTitle "CBM 207 Extra"]
[Source "ChessBase"]
[SourceDate "2022.05.31"]
[SourceVersion "1"]
[SourceVersionDate "2022.05.31"]
[SourceQuality "1"]

1. e4 c5 2. Nf3 d6 3. Bb5+ Nc6 4. 0-0 Nf6 5. Re1 Bd7 6. c3 a6 7. Bf1 Bg4 8. h3 Bxf3 9. Qxf3 e6 10. Na3 Be7 11. Nc2 0-0 12. d4 cxd4 13. cxd4 e5 14. d5 Nb8 15. Be3 Nbd7 16. Rac1 Rc8 17. Na3 b5 18. b4 Rc7 19. Bd3 Qb8 20. Rc6 Qb7 21. Rxc7 Qxc7 22. Rc1 Qb7 23. Qd1 Rc8 24. Rc2 Bd8 25. Nb1 Bb6 26. Bxb6 Nxb6 27. Qc1 Rxc2 28. Qxc2 Kf8 29. Kf1 Ke7 30. Ke2 Qc8 31. Qxc8 Nxc8 32. a4 bxa4 33. Bxa6 Nb6 34. Kd3 Nh5 35. Kc2 Nf4 36. Bf1 f5 37. f3 fxe4 38. fxe4 Nh5 39. Nc3 Ng3 40. Bd3 Kf6 41. Kb2 Kg5 42. Ka3 Kf4 43. Nxa4 Nd7 44. Nc3 Ke3 45. Bc2 Nb6 46. Kb3 Nf1 47. b5 Kd4 48. Kb4 Nd2 49. Na4 Nxa4 50. Kxa4 Nc4 51. Kb4 Nb6 52. Ka5 Kc5 53. Bd1 g6 54. h4 h6 55. Ka6 g5 56. hxg5 hxg5 57. Be2 Na4 58. Kb7 Nc3 59. Kc7 Na4 60. Kd7 Nc3 61. Kc7 Na4 62. Kd7 Nc3 63. Bd3 Na4 64. Ke6 Nb6 65. g3 Na4 66. Kf5 Kd4 67. Bc2 Nc5 68. Kxg5 Kc3 69. Bb1 Kb2 70. Kf5 Kxb1 71. g4 1-0

[Event "ROM-ch"]
[Site "Eforie Nord"]
[Date "2022.02.26"]
[Round "8"]
[White "Tudor, Henry Edward"]
[Black "Prelipcean, Eric Matei"]
[Result "1/2-1/2"]
[WhiteElo "1879"]
[BlackElo "1935"]
[PlyCount "149"]
[EventDate "2022.02.20"]
[EventType "swiss"]
[EventRounds "9"]
[EventCountry "ROU"]
[SourceTitle "CBM 207 Extra"]
[Source "ChessBase"]
[SourceDate "2022.05.31"]
[SourceVersion "1"]
[SourceVersionDate "2022.05.31"]
[SourceQuality "1"]

1. d4 Nf6 2. c4 g6 3. Nc3 d5 4. Bg5 Ne4 5. Nxe4 dxe4 6. Qd2 Bg7 7. 0-0-0 h6 8. Bf4 Nc6 9. e3 0-0 10. Ne2 f5 11. f3 e5 12. Bg3 f4 13. exf4 exf3 14. gxf3 exd4 15. Bf2 Qf6 16. Rg1 Kh7 17. h4 h5 18. Rg5 Bf5 19. Ng3 Bh6 20. Rxf5 gxf5 21. Nxh5 Qg6 22. Ng3 Qd6 23. Ne2 Rad8 24. Kb1 d3 25. Nc3 Qxf4 26. Qxf4 Bxf4 27. Bxd3 b6 28. a3 Be5 29. Nd5 Bd6 30. Be3 Ne5 31. Bg5 Rc8 32. Bc2 Nxf3 33. Bf6 Kg6 34. h5+ Kxh5 35. Bxf5 Rce8 36. Rd3 Ng5 37. Rd1 Re2 38. Rg1 Rf2 39. Rxg5+ Kh6 40. Bg4 R2xf6 41. Rh5+ Kg6 42. Nxf6 Rxf6 43. Rd5 Rf4 44. Be2 Rf2 45. Bd3+ Kf6 46. Rh5 Be5 47. Bc2 Ke6 48. Rh6+ Bf6 49. Rh5 Kd6 50. Rd5+ Ke6 51. Rh5 c6 52. c5 b5 53. Bb3+ Kd7 54. Rh7+ Kc8 55. Bc2 Kb8 56. Rf7 a5 57. Rf8+ Kc7 58. Rf7+ Kd8 59. Rf8+ Kd7 60. Ra8 a4 61. Ra6 Rf1+ 62. Ka2 Rc1 63. Bf5+ Kc7 64. Ra7+ Kb8 65. Rf7 Be5 66. Rf8+ Kc7 67. Rf7+ Kd8 68. Rd7+ Ke8 69. Rd2 Rxc5 70. Rc2 Rxc2 71. Bxc2 Kd7 72. b3 axb3+ 73. Kxb3 c5 74. a4 bxa4+ 75. Kxa4 1/2-1/2

[Event "ROM-ch"]
[Site "Eforie Nord"]
[Date "2022.02.24"]
[Round "6"]
[White "Prelipcean, Eric Matei"]
[Black "Daianu, Cristian Clement"]
[Result "0-1"]
[WhiteElo "1935"]
[BlackElo "2171"]
[PlyCount "94"]
[EventDate "2022.02.20"]
[EventType "swiss"]
[EventRounds "9"]
[EventCountry "ROU"]
[SourceTitle "CBM 207 Extra"]
[Source "ChessBase"]
[SourceDate "2022.05.31"]
[SourceVersion "1"]
[SourceVersionDate "2022.05.31"]
[SourceQuality "1"]

1. e4 c5 2. Nf3 d6 3. d4 cxd4 4. Nxd4 Nf6 5. Nc3 a6 6. Bg5 Nc6 7. Qd2 Bd7 8. f3 e6 9. 0-0-0 Be7 10. Be3 b5 11. g4 h6 12. Rg1 Rc8 13. Kb1 Ne5 14. h4 b4 15. Nce2 d5 16. g5 hxg5 17. hxg5 Nxf3 18. Nxf3 Nxe4 19. Qc1 Ba4 20. b3 Bb5 21. Bd4 Bc5 22. Bxc5 Bxe2 23. Bxe2 Nc3+ 24. Kb2 Rxc5 25. Bd3 Qa5 26. a4 bxa3+ 27. Ka1 Nxd1 28. Rxd1 Rh3 29. Ne1 Rh1 30. Ka2 Qc3 31. Qa1 Qxa1+ 32. Rxa1 e5 33. Bxa6 Kd7 34. Rb1 Kc7 35. Be2 Rc3 36. Kxa3 Re3 37. Ng2 Rxe2 38. Rxh1 Rxg2 39. Rf1 f6 40. gxf6 gxf6 41. c3 Rg6 42. b4 e4 43. Kb3 Kd6 44. b5 Ke5 45. Kb4 f5 46. Kc5 Rg8 47. Kb6 f4 0-1

[Event "ROM-ch U14"]
[Site "Mamaia"]
[Date "2021.04.12"]
[Round "8"]
[White "Prelipcean, Eric Matei"]
[Black "Sachilaru, Alexandru"]
[Result "1/2-1/2"]
[WhiteElo "1746"]
[BlackElo "1917"]
[PlyCount "67"]
[EventDate "2021.04.07"]
[EventType "swiss"]
[EventRounds "9"]
[EventCountry "ROU"]
[SourceTitle "EXT 2022"]
[Source "ChessBase"]
[SourceDate "2021.10.06"]
[SourceVersion "1"]
[SourceVersionDate "2021.10.06"]
[SourceQuality "1"]

1. e4 c5 2. Nf3 e6 3. g3 Nc6 4. Bg2 g6 5. 0-0 Bg7 6. Nc3 Nge7 7. d3 0-0 8. Be3 d6 9. d4 cxd4 10. Nxd4 a6 11. a4 Qc7 12. f4 Rd8 13. Qd2 Nxd4 14. Bxd4 e5 15. Be3 exf4 16. gxf4 d5 17. Nxd5 Nxd5 18. exd5 Bxb2 19. Bd4 Bxd4+ 20. Qxd4 Bf5 21. c4 Rac8 22. Rac1 Qc5 23. Rfd1 Rd6 24. Qxc5 Rxc5 25. Bf1 b6 26. Kf2 Kf8 27. Ke3 Ke7 28. Kd4 Ra5 29. Ra1 Bd7 30. Rd2 Kd8 31. Bd3 Rf6 32. Ke5 Ke7 33. Bc2 Rd6 34. Re2 1/2-1/2

[Event "ROM-ch U14"]
[Site "Mamaia"]
[Date "2021.04.10"]
[Round "5"]
[White "Prelipcean, Eric Matei"]
[Black "Grigore, Radu Andrei"]
[Result "1-0"]
[WhiteElo "1746"]
[BlackElo "1166"]
[PlyCount "117"]
[EventDate "2021.04.07"]
[EventType "swiss"]
[EventRounds "9"]
[EventCountry "ROU"]
[SourceTitle "EXT 2022"]
[Source "ChessBase"]
[SourceDate "2021.10.06"]
[SourceVersion "1"]
[SourceVersionDate "2021.10.06"]
[SourceQuality "1"]

1. e4 b6 2. d4 Bb7 3. Nc3 e6 4. a3 Nf6 5. Bd3 c5 6. Nge2 d5 7. exd5 exd5 8. Bb5+ Nbd7 9. 0-0 a6 10. Bxd7+ Qxd7 11. Re1 Be7 12. h3 0-0 13. Be3 Rad8 14. a4 Qc6 15. Ng3 Ne4 16. Nf5 Bf6 17. Qg4 Bc8 18. f3 cxd4 19. fxe4 dxc3 20. e5 Bxf5 21. Qxf5 cxb2 22. Rab1 Be7 23. Rxb2 Bc5 24. Bxc5 Qxc5+ 25. Qf2 Qxf2+ 26. Kxf2 Rb8 27. Reb1 Rfc8 28. Rxb6 Rxc2+ 29. Kg1 Ra8 30. Rxa6 Rcc8 31. Rxa8 Rxa8 32. a5 Kf8 33. Rb5 d4 34. Kf2 d3 35. Ke3 Rd8 36. Kd2 Rd4 37. a6 Ra4 38. Rb8+ Ke7 39. Ra8 Ra3 40. a7 h6 41. g4 Ra1 42. h4 Ra5 43. e6 Ra6 44. g5 hxg5 45. hxg5 Ra2+ 46. Kxd3 g6 47. exf7 Ra3+ 48. Kc2 Kxf7 49. Rh8 Ra2+ 50. Kb3 Rxa7 51. Rh7+ Ke6 52. Rxa7 Kf5 53. Ra5+ Kg4 54. Kc4 Kh5 55. Kd4 Kg4 56. Ke4 Kh5 57. Kf4 Kh4 58. Ra3 Kh5 59. Rh3# 1-0

[Event "ROM-ch U14"]
[Site "Mamaia"]
[Date "2021.04.08"]
[Round "2"]
[White "Prelipcean, Eric Matei"]
[Black "Nicolaescu, Andrei Luca"]
[Result "1-0"]
[WhiteElo "1746"]
[BlackElo "1171"]
[PlyCount "129"]
[EventDate "2021.04.07"]
[EventType "swiss"]
[EventRounds "9"]
[EventCountry "ROU"]
[SourceTitle "EXT 2022"]
[Source "ChessBase"]
[SourceDate "2021.10.06"]
[SourceVersion "1"]
[SourceVersionDate "2021.10.06"]
[SourceQuality "1"]

1. e4 c5 2. Nf3 Nc6 3. Bb5 d6 4. h3 Bd7 5. 0-0 Nf6 6. Re1 e5 7. c3 a6 8. Ba4 b5 9. Bc2 c4 10. d4 cxd3 11. Qxd3 h6 12. Nbd2 Be7 13. b3 0-0 14. Ba3 Qc7 15. Rad1 Rad8 16. Nf1 Be6 17. Ne3 d5 18. Bxe7 Nxe7 19. Nxd5 Bxd5 20. exd5 Rxd5 21. Qe3 Rc5 22. Nxe5 Rxc3 23. Bd3 Ned5 24. Qd4 Rd8 25. Bf5 Qa5 26. b4 Qc7 27. Ng4 Nxg4 28. Bxg4 Rc6 29. Bf5 g6 30. Be4 Rcd6 31. Qc5 Re6 32. Qd4 Red6 33. Bxd5 Rxd5 34. Re8+ Rxe8 35. Qxd5 Qc4 36. Qxc4 bxc4 37. Rc1 Re4 38. Rc2 Kf8 39. f3 Rd4 40. Kf2 c3 41. a3 Rc4 42. Ke3 Ke7 43. Kd3 Rc7 44. Rxc3 Rxc3+ 45. Kxc3 Kd6 46. Kd4 f5 47. f4 g5 48. g3 g4 49. h4 h5 50. a4 Ke7 51. Kc5 Kd7 52. b5 axb5 53. axb5 Kc7 54. b6+ Kb7 55. Kd5 Kxb6 56. Ke5 Kc5 57. Kxf5 Kd4 58. Kg5 Ke3 59. f5 Kf3 60. f6 Kxg3 61. f7 Kh2 62. f8Q g3 63. Kxh5 g2 64. Qg8 g1Q 65. Qxg1+ 1-0

[Event "ROM-ch U12"]
[Site "Calimanesti Caciulata"]
[Date "2019.04.22"]
[Round "9"]
[White "Saioc, David"]
[Black "Prelipcean, Eric Matei"]
[Result "0-1"]
[WhiteElo "1642"]
[BlackElo "1789"]
[PlyCount "98"]
[EventDate "2019.04.15"]
[EventType "swiss"]
[EventRounds "9"]
[EventCountry "ROU"]
[SourceTitle "CBM 190 Extra"]
[Source "ChessBase"]
[SourceDate "2019.07.15"]
[SourceVersion "1"]
[SourceVersionDate "2019.07.15"]
[SourceQuality "1"]

1. e4 c5 2. c3 d5 3. exd5 Qxd5 4. d4 Nc6 5. Nf3 Bf5 6. Be3 Nf6 7. Na3 cxd4 8. Bc4 Qa5 9. Nxd4 Nxd4 10. Bxd4 e5 11. Bb5+ Bd7 12. Bxd7+ Nxd7 13. Nc4 Qc7 14. Qe2 Bd6 15. 0-0-0 0-0 16. Nxd6 Qxd6 17. Be3 Qe6 18. Qb5 Rfd8 19. Qb3 Qxb3 20. axb3 Nb6 21. Rxd8+ Rxd8 22. Rd1 Rxd1+ 23. Kxd1 f6 24. Ke2 Kf7 25. Kd3 Ke6 26. c4 Nc8 27. b4 a6 28. c5 Kd5 29. f3 Na7 30. Bf2 Nb5 31. Be3 f5 32. Bd2 Nd4 33. Bc3 Nc6 34. Ke3 g5 35. g3 h5 36. Be1 g4 37. fxg4 hxg4 38. Bc3 Nd4 39. Kf2 Ke4 40. Kg2 Kd3 41. Kf2 e4 42. Kg2 e3 43. Bxd4 Kxd4 44. Kf1 Kd3 45. Ke1 e2 46. b3 Ke3 47. b5 axb5 48. c6 bxc6 49. b4 c5 0-1

[Event "ROM-ch U12"]
[Site "Calimanesti Caciulata"]
[Date "2019.04.17"]
[Round "3"]
[White "Erdodi, Peter Stefan"]
[Black "Prelipcean, Eric Matei"]
[Result "0-1"]
[WhiteElo "1286"]
[BlackElo "1789"]
[PlyCount "66"]
[EventDate "2019.04.15"]
[EventType "swiss"]
[EventRounds "9"]
[EventCountry "ROU"]
[SourceTitle "CBM 190 Extra"]
[Source "ChessBase"]
[SourceDate "2019.07.15"]
[SourceVersion "1"]
[SourceVersionDate "2019.07.15"]
[SourceQuality "1"]

1. e4 c5 2. c3 d5 3. exd5 Qxd5 4. d4 Nc6 5. Nf3 Bf5 6. c4 Qe4+ 7. Be3 cxd4 8. Nxd4 0-0-0 9. Nc3 Qe5 10. Nce2 e6 11. Qd2 Bb4 12. Nc3 Nxd4 13. f4 Nc2+ 14. Qxc2 Qxe3+ 15. Qe2 Bxc3+ 16. bxc3 Qxc3+ 17. Kf2 Rd2 18. Qxd2 Qxd2+ 19. Be2 Nf6 20. Rhd1 Ng4+ 21. Kf1 Ne3+ 22. Kf2 Nxd1+ 23. Rxd1 Qxf4+ 24. Bf3 e5 25. g3 Qxc4 26. Rd2 e4 27. Bd1 e3+ 28. Kxe3 Qc3+ 29. Ke2 Bg4+ 30. Ke1 Qe3+ 31. Be2 Qg1+ 32. Bf1 Re8+ 33. Re2 Rxe2+ 0-1

[Event "ROM-ch U12"]
[Site "Calimanesti Caciulata"]
[Date "2019.04.16"]
[Round "2"]
[White "Prelipcean, Eric Matei"]
[Black "Iuga, Ioan Alexandru"]
[Result "1-0"]
[WhiteElo "1789"]
[BlackElo "1364"]
[PlyCount "97"]
[EventDate "2019.04.15"]
[EventType "swiss"]
[EventRounds "9"]
[EventCountry "ROU"]
[SourceTitle "CBM 190 Extra"]
[Source "ChessBase"]
[SourceDate "2019.07.15"]
[SourceVersion "1"]
[SourceVersionDate "2019.07.15"]
[SourceQuality "1"]

1. e4 e5 2. Nf3 Nc6 3. Nc3 Nf6 4. d4 exd4 5. Nxd4 Bb4 6. Nxc6 bxc6 7. Bd3 0-0 8. 0-0 Re8 9. Bg5 h6 10. Bh4 d6 11. Re1 Qe7 12. f3 Bc5+ 13. Bf2 Bxf2+ 14. Kxf2 Qe5 15. Kg1 Qg5 16. Qc1 Qc5+ 17. Kh1 Rb8 18. Rb1 Qa5 19. a3 Be6 20. Qd2 Ba2 21. b4 Qxa3 22. Ra1 Qxb4 23. Rxa2 d5 24. Ra4 Qb6 25. Raa1 dxe4 26. Nxe4 Nxe4 27. Bxe4 Kh8 28. Qa5 Qxa5 29. Rxa5 g6 30. Raa1 Re6 31. Red1 Rbe8 32. Kg1 f5 33. Bd3 Ra8 34. Ra6 Rd6 35. Rda1 c5 36. Rxa7 Rxa7 37. Rxa7 c6 38. Ra4 Rd4 39. Rc4 Rxc4 40. Bxc4 Kg7 41. f4 Kf6 42. Kf2 g5 43. g3 g4 44. Ke3 h5 45. Kd3 h4 46. Ba6 hxg3 47. hxg3 Ke6 48. Bc8+ Kf6 49. Kc4 1-0

[Event "EU-ch U10 28th"]
[Site "Riga"]
[Date "2018.08.22"]
[Round "3"]
[White "Prelipcean, Eric Matei"]
[Black "Turkmen, Yusuf Cagan"]
[Result "0-1"]
[WhiteElo "1646"]
[BlackElo "1820"]
[PlyCount "60"]
[EventDate "2018.08.20"]
[EventType "swiss"]
[EventRounds "9"]
[EventCountry "LAT"]
[SourceTitle "CBM 186 Extra"]
[Source "ChessBase"]
[SourceDate "2018.08.24"]
[SourceVersion "1"]
[SourceVersionDate "2018.08.24"]
[SourceQuality "1"]

1. e4 c5 2. Nc3 Nc6 3. g3 g6 4. Bg2 Bg7 5. d3 d6 6. f4 e6 7. Nf3 Nge7 8. 0-0 0-0 9. Be3 Nd4 10. Bf2 Nec6 11. Nxd4 Nxd4 12. e5 dxe5 13. fxe5 Bxe5 14. Ne4 f5 15. Nxc5 Qd6 16. b4 Rb8 17. c3 Nb5 18. d4 Bg7 19. Qb3 b6 20. Nd3 Nc7 21. Rfe1 g5 22. Ne5 Bb7 23. Qa4 Bxg2 24. Kxg2 f4 25. Qc2 Nd5 26. Qe4 Nxc3 27. Qc6 Bxe5 28. Qxc3 Qd5+ 29. Kg1 fxg3 30. hxg3 Rxf2 0-1